000 00346nam a2200157Ia 4500
100 _aKale/Latif/ M.Ahmed
250 _a7
942 _cBK
654 _aManagement
245 _aIndustrial Organisation & Management
260 _bChetana Prakashan
_aNew york
_c1991
082 _a658
_bKAL
300 _a500
546 _aENGLISH
999 _c20613
_d20613